La comunidad hereditaria
Guardat en:
| Autor principal: | |
|---|---|
| Format: | Llibre |
| Idioma: | espanyol |
| Publicat: |
Barcelona
Bosch
1954
|
| Matèries: | |
| Etiquetes: |
Afegir etiqueta
Sense etiquetes, Sigues el primer a etiquetar aquest registre!
|
MARC
| LEADER | 00000nam a2200000 a 4500 | ||
|---|---|---|---|
| 001 | UCS1165 | ||
| 003 | CL-VaPUC | ||
| 008 | 970509e19540000SP |||||||||||||||||spa|d | ||
| 082 | 0 | 4 | |a 346.05 |b FER |2 21 |
| 100 | 0 | |a Ferrandis Vilella, José |e author |9 385347 | |
| 245 | 1 | 3 | |a La comunidad hereditaria |
| 300 | |a 231 p | ||
| 942 | |c BK | ||
| 945 | |d 19970509 00:00:00 |a cmena | ||
| 260 | |a Barcelona |b Bosch |c 1954 | ||
| 650 | 0 | |a Derecho sucesorio |9 255015 | |
| 650 | 0 | |a Testamento |9 258220 | |
| 650 | 0 | |a Herencia |9 256325 | |
| 650 | 0 | |a Herederos |9 357054 | |
| 650 | 0 | |a Derecho civil |9 255013 | |
| 650 | 7 | |a RESPONSABILIDAD CIVIL |2 CL-VaPUC |9 385348 | |
| 650 | 0 | |a Código civil |9 256135 | |
| 650 | 0 | |a Derecho privado |9 258243 | |
| 650 | 0 | |a Derecho español |9 255291 | |
| 651 | 0 | |a España |9 254926 | |
| 583 | |a last modification |c 19970509 00:00:00 |k Rodrigo Vera | ||
| 999 | |c 259267 |d 259265 | ||
| 952 | |0 0 |1 0 |4 0 |6 346_050000000000000_FER_1954 |7 0 |8 P |9 283913 |a BIBDER |b BIBDER |d 2019-11-19 |i 1844822 |o 346.05 FER 1954 |p 1844822 |r 2023-01-25 |w 2019-11-19 |y BK |k DER | ||